Statistiken für Stardew Valley Nutzpflanzen - Frühling

Klicken Sie hier um das Quiz zu spielen!

Allgemein

  • Dieses Quiz wurde 45 mal gespielt
  • Das Durchschnittsergebnis liegt bei 5 aus 12

Antwortstatistiken

Antwort% Korrekt
Blumenkohl
82%
Pastinake
72%
Erdbeere
62%
Kartoffel
62%
Grüne Bohne
59%
Tulpe
31%
Ungemahlener Reis
28%
Knoblauch
21%
Grünkohl
18%
Blauer Jazz
10%
Kaffeebohne
10%
Rhabarber
8%

Verteilung der Resultate

Perzentil nach korrekt beantworteten Fragen

Anzahl Personen mit jedem Resultat

Ihre Resultats-Entwicklung

Sie haben dieses Quiz noch nicht gespielt